00919 2200301 4500001002100000005001500021035002000036007000300056008004100059020002200100082001500122084001700137100002700154245010000181250003400281300003700315650001300352700003600365264004200401336002100443337003000464338002300494040002200517090002200539850001200561999002200573990002200595INLIS00000000088620920240502030034 a0010-0524000040ta240502s2024 yoia a | ger d a978-623-164-519-704223a372.52 a372.52 JAM a0 aJamie PutriePengarang10aAsyik mewarnai dan berpetualang dengan binatang /cJamie Putri; penyunting, Idha Nafiatul Aisyi aCetakan pertama, Januari 2024 a46 halaman :bilustrasi ;c27 cm 4aMewarnai0 aIdha Nafiatul AisyiePenyunting31aBantul :bAnak Hebat Indonesia,c2024 2rdacontentateks 2rdamediaatanpa perantara 2rdacarrieravolume aYOPDYOGbinderda aCB-D.11 2024-0496 aYOPDYOG aCB-D.11/2024-0496 aCB-D.11/2024-0496